000 00756nam a2200241 a 4500
999 _c11680
_d11680
001 11680
003 BD-JhCC
005 20200716132543.0
008 200716b20182019bg a|||| ||a| 000 0 ben d
020 _a9789849359548
035 _a(BD-JhCC)11680
040 _aBD-JhCC
_dBD-JhCC
041 _aben
082 _a891.4415
_bCHO 2019
100 _aচৌধুরী, বেলাল
245 _aআমার কলকাতা /
_cবেলাল চৌধুরী, অনু: পিয়াস মজিদ ।
260 _aঢাকা:
_bপ্রথমা প্রকাশন;
_c২০১৯.
300 _a142 p. :
_bill;
_c18 cm.
650 _aPoems
700 _aমজিদ, পিয়াস
942 _2ddc
_cBK